01444nab a22002297a 4500003000400000005001700004008004100021040000700062100002600069245018100095260007200276300001500348500003900363505029300402505018700695505008900882650002000971650003900991650002601030650002501056773013301081OSt20260109235612.0190605e xxu||||| |||| 00| 0 spa d cPJ aDiplotti, Matías H.13aEl deber de prevención en materia de riesgos del trabajo y su fundamento para las condenas por responsabilidad civil a las ART ante su incumplimiento /cMatías H. Diplotti. aCiudad Autónoma de Buenos Aires :bThomson Reuters La Ley,c2023. ap. 227-236 aCita: TR LALEY AR/DOC/1351/2023.  aSumario: I. Algunos antecedentes en materia de prevención de la Ley de Riesgos de Trabajo (LRT).— II. Marco Normativo Constitucional. Convenios de la Organización Internacional del Trabajo (OIT).— III. El deber de prevención y la jurisprudencia de la CSJN.— IV. Conclusiones.  aFallo comentado: TTrab. N°1, San Miguel ~ 02/03/2023 ~ Gorosito, Alejandro Alberto c. La Segunda Aseguradora de Riesgos del Trabajo SA s/ accidente de trabajo - acción especial. t¿Te interesa el texto completo? Solicitalo al correo: koha@justierradelfuego.gov.ar 0aDERECHO LABORAL 0aASEGURADOR POR RIESGOS DEL TRABAJO 0aACCIDENTES DE TRABAJO 0aACCIDENTE IN ITINERE0 02711dCiudad Autónoma de Buenos Aires : Thomson Reuters La Ley, 1999-2002.tRevista de derecho del trabajo. Nº 4 - Julio 2023